000 00369nam a2200157Ia 4500
008 230312s9999||||xx |||||||||||||| ||und||
020 _a1-4160-31-18-5
082 _a617.07
_bCAV-P
100 _aCavallaro;Catherine
245 0 _aPathology
260 _bElsevier
_aChina
_c2009
300 _a1738
546 _aEng.
650 _aPhysiotherapy
_vPathology
942 _cBK
999 _c7973
_d7973